| 000 | 00000nam##2200000za#4500 |
| 001 | 9.662313 |
| 003 | CaOODSP |
| 005 | 20240209132420 |
| 007 | ta |
| 008 | 150407|2001||||xxc||||| f|0| 0 eng|d |
| 020 | |a0-662-65338-6 |
| 040 | |aCaOODSP|beng |
| 041 | |aeng |
| 041 | |afre |
| 043 | |an-cn--- |
| 086 | 1 |aC89-4/31-2001 |
| 110 | 2 |aAtlantic Canada Opportunities Agency. |
| 245 | 10|aBuilding a stronger economy together |
| 260 | |aMoncton - New Brunswick : |bAtlantic Canada Opportunities Agency |c2001. |
| 300 | |aEnglish text, 8p. ; |c28 cm. |
| 500 | |aN.B.: Incorrect catalogue number (C89-4/31-2001E) printed in this publication. |
| 546 | |aBilingual |
| 563 | |aSoftcover |
| 590 | |a01-25|b2001-06-22 |
| 690 | 07|aEconomic development|2gcpds |
| 690 | 07|aSmall businesses|2gcpds |
| 690 | 07|aEntrepreneurship|2gcpds |
| 690 | 07|aBusiness services|2gcpds |
| 776 | 0#|tEnsemble, pour une économie plus forte : |w(CaOODSP)9.639361 |
| 776 | 0#|tBuilding a stronger economy together : |w(CaOODSP)9.695215 |
| 792 | |tEnsemble pour un économie plus forte |efre|w(CaOODSP)9.662314 |